Groupes de choses - Disciplines sportives combinées - Statistiques

Statistiques générales
  • Ce quiz a été pris 684 fois
    438 depuis la dernière actualisation
  • Le résultat moyen est 48 sur 78
Statistiques - réponses
Indice Réponse % Correct
Aquathlon Natation
92%
Aquabike Natation
92%
Quadrathlon Natation
92%
Pentathlon Natation
92%
Cross triathlon Natation
92%
Swimrun Natation
92%
Triathlon Natation
92%
Biathlon Tir
92%
Pentathlon Tir
92%
Biathlon d'été Tir
92%
Quadrathlon Course cycliste | Cyclisme
88%
Duatlhlon Cyclisme
88%
Aquabike Cyclisme
88%
Triathlon Cyclisme sur route | Cyclisme
88%
Decathlon 100 m
86%
Duatlhlon Course à pied
84%
Aquathlon Course à pied
84%
Quadrathlon Course à pied
84%
Pentathlon Course à pied
84%
Ride and Run Course à pied
84%
Run and Bike Course à pied
84%
Run archery Course à pied
84%
Triathlon Course à pied
84%
Triathlon hiver 1 Course à pied
84%
Pentathlon féminin Saut en hauteur
83%
Heptathlon hommes Saut en hauteur
83%
Heptathlon femmes Saut en hauteur
83%
Decathlon Saut en hauteur
83%
Biathlon Ski de fond
83%
Combiné nordique Ski de fond
83%
Triathlon hiver 1 Ski de fond
83%
Triathlon hiver 2 Ski de fond
83%
Pentathlon féminin Saut en longueur
79%
Heptathlon hommes Saut en longueur
79%
Heptathlon femmes Saut en longueur
79%
Decathlon Saut en longueur
79%
Heptathlon femmes Lancer de javelot
72%
Decathlon Lancer de javelot
72%
Heptathlon hommes Saut à la perche
72%
Decathlon Saut à la perche
72%
Pentathlon féminin Lancer de poids
70%
Heptathlon hommes Lancer de poids
70%
Heptathlon femmes Lancer de poids
70%
Decathlon Lancer de poids
70%
Decathlon 400 m
69%
Heptathlon femmes 200 m
61%
Decathlon 110 m haies
60%
Decathlon Lancer de disque
59%
Pentathlon féminin 800 m
56%
Heptathlon femmes 800 m
56%
Decathlon 1500 m
55%
Pentathlon Equitation
51%
Ride and Run Equitation
51%
Vetathlon VTT
49%
Run archery Tir à l'arc
49%
Cross triathlon VTT
49%
Run and Bike VTT
49%
Triathlon hiver 1 VTT
49%
Combiné alpin Slalom
44%
Super combiné alpin Slalom
44%
Combiné nordique Saut à ski
39%
Heptathlon hommes 1000 m
37%
Heptathlon femmes 100 m haies
32%
Combiné alpin Descente
32%
Super combiné alpin Descente
32%
Pentathlon Escrime
31%
Biathlon d'été Cross
24%
Vetathlon Trail
18%
Cross triathlon Trail
18%
Swimrun Trail
18%
Heptathlon hommes 60 m
16%
Pentathlon féminin 60 m haies
9%
Heptathlon hommes 60 m haies
9%
Triathlon hiver 2 Patinage de vitesse
3%
Skiathlon Ski de fond classique
3%
Skiathlon Ski de fond libre
3%
Quadrathlon Canoé Kayak
2%
Triathlon hiver 2 Course en raquettes
1%
Aucun quiz correspondant
Distribution des résultats
% des personnes avec chaque résultat
Percentile par nombre de réponses
Votre historique - résultats
Vous n’avez pas pris ce quiz depuis la dernière actualisation